| 000 | 01532nam a2200361 a 4500 | ||
|---|---|---|---|
| 001 | ebr10660560 | ||
| 003 | CaPaEBR | ||
| 006 | m u | ||
| 007 | cr cn||||||||| | ||
| 008 | 121226s2013 njua s 001 0 eng d | ||
| 010 | _z 2012956361 | ||
| 020 | _z9781118510100 (pbk. : alk. paper) | ||
| 020 | _z1118510100 (pbk. : alk. paper) | ||
| 020 | _z9781118550182 (e-book) | ||
| 040 |
_aCaPaEBR _cCaPaEBR |
||
| 035 | _a(OCoLC)834545663 | ||
| 050 | 1 | 4 |
_aHF5548.4.M523 _bH37 2013eb |
| 100 | 1 | _aHarvey, Greg. | |
| 245 | 1 | 0 |
_aExcel 2013 all-in-one for dummies _h[electronic resource] / _cby Greg Harvey. |
| 246 | 1 | 4 | _aMicrosoft Excel 2013 all-in-one for dummies |
| 260 |
_aHoboken, N.J. : _bJ. Wiley & Sons, Inc., _c2013. |
||
| 300 |
_axvi, 776 p. : _bill. |
||
| 440 | 0 | _a--For dummies | |
| 500 | _a"8 books in 1: Excel basics, Worksheet design, Formulas and functions, Worksheet collaboration and review, Charts and graphics, Data management, Data analysis, Macros and VBA"--Cover. | ||
| 500 | _aIncludes index. | ||
| 533 |
_aElectronic reproduction. _bPalo Alto, Calif. : _cebrary, _d2013. _nAvailable via World Wide Web. _nAccess may be limited to ebrary affiliated libraries. |
||
| 630 | 0 | 0 | _aMicrosoft Excel (Computer file) |
| 650 | 0 | _aElectronic spreadsheets. | |
| 650 | 0 |
_aBusiness _xComputer programs. |
|
| 655 | 7 |
_aElectronic books. _2local |
|
| 710 | 2 | _aebrary, Inc. | |
| 856 | 4 | 0 |
_uhttp://site.ebrary.com/lib/rucke/Doc?id=10660560 _zAn electronic book accessible through the World Wide Web; click to view |
| 999 |
_c67807 _d67807 |
||